[Event "Aragon-chT Preferente A"]
[Site "Aragon"]
[Date "2012.02.25"]
[Round "4.37"]
[White "Antonano Fedz Quincoces, Avelino"]
[Black "Malo Guillen, Jose Luis"]
[Result "0-1"]
[WhiteElo "2127"]
[BlackElo "2189"]
[PlyCount "62"]
[EventDate "2012.02.04"]
[EventType "team"]
[EventRounds "9"]
[EventCountry "ESP"]
[SourceTitle "EXT 2014"]
[Source "ChessBase"]
[SourceDate "2013.11.20"]
[SourceVersion "1"]
[SourceVersionDate "2013.11.20"]
[SourceQuality "1"]
[WhiteTeam "St Casablanca III"]
[BlackTeam "Las Fuentes"]
[WhiteTeamCountry "ESP"]
[BlackTeamCountry "ESP"]

1. e4 d6 2. d4 Nf6 3. Nc3 g6 4. Bc4 Bg7 5. Qe2 Nc6 6. Be3 0-0 7. 0-0-0 Ng4 8. Nf3 Nxe3 9. fxe3 a6 10. Ng5 e6 11. h4 b5 12. Bb3 Na5 13. Nf3 b4 14. Na4 Nxb3+ 15. axb3 Bd7 16. h5 g5 17. h6 Bf6 18. Qe1 Rb8 19. Rh5 Kh8 20. c4 Rg8 21. Kc2 Rg6 22. e5 Be7 23. g4 Qe8 24. Ra1 Bc6 25. Qg3 f6 26. exf6 Bxf6 27. Nd2 Qf8 28. Rf1 Rxh6 29. Rxg5 Bxg5 30. Rxf8+ Rxf8 31. d5 Bh4 0-1